Catálogo
 En Linea

Código civil de la República Dominicana. (Registro nro. 32736)

Detalles MARC
000 -CABECERA
campo de control de longitud fija 00763nam a2200193 a 4500
001 - NÚMERO DE CONTROL
campo de control 000033245
005 - FECHA Y HORA DE LA ÚLTIMA TRANSACCIÓN
campo de control 20200930070125.0
008 - DATOS DE LONGITUD FIJA--INFORMACIÓN GENERAL
campo de control de longitud fija 090904s1901 dr 000 0 spa d
040 ## - FUENTE DE LA CATALOGACIÓN
Centro catalogador/agencia de origen DO-SdBNP
Lengua de catalogación spa
-- BNPHU
082 ## - NÚMERO DE LA CLASIFICACIÓN DECIMAL DEWEY
Número de clasificación xxx
Número de documento/Ítem R426c
049 ## - FONDOS LOCALES (OCLC)
Fondos de biblioteca BNPD
110 1# - ENTRADA PRINCIPAL--NOMBRE DE ENTIDAD CORPORATIVA
Nombre de entidad corporativa o nombre de jurisdicción como elemento de entrada República Dominicana
9 (RLIN) 447
240 13 - TÍTULO UNIFORME
Título uniforme [Leyes, etc.]
245 10 - MENCIÓN DE TÍTULO
Título Código civil de la República Dominicana.
250 ## - MENCIÓN DE EDICIÓN
Mención de edición 2a ed. oficial
260 ## - PUBLICACIÓN, DISTRIBUCIÓN, ETC.
Lugar de publicación, distribución, etc. Santo Domingo
Fabricante "La Cuna de América" J. R. Roques
Fecha de publicación, distribución, etc. 1901.
300 ## - DESCRIPCIÓN FÍSICA
Extensión 116 p ;
Dimensiones 25 cm.
500 ## - NOTA GENERAL
Nota general Arreglado por la comisión nombrada por el Poder Ejecutivo, y conforme al decreto del Congreso Nacional de fecha 4 de julio de 1882, conversando el orden de las artículos del texto francés vijente en la República desde el año 1845
Existencias
Estado de retiro Estado de pérdida Restricciones de uso No para préstamo Código de colección Localización permanente Ubicación/localización actual Ubicación en estantería Fecha de adquisición Número de inventario Total de préstamos Signatura topográfica completa Código de barras Fecha visto por última vez Precio válido a partir de Tipo de ítem Koha Nota pública Número de copia
      Excluido de préstamo Raros y valiosos Patrimonio Dominicano Patrimonio Dominicano Depósito 23.08.2011 LF1   xxx R426c 33245-10 25.06.2020 25.06.2020 No se presta Perteneció a la biblioteca personal de Julio Ortega Frier  
      Excluido de préstamo Raros y valiosos Patrimonio Dominicano Patrimonio Dominicano Depósito 08.05.2015 LF1   xxx R426c 33245-40 25.06.2020 25.06.2020 No se presta   e. 2
        Patrimonio Dominicano Patrimonio Dominicano Patrimonio Dominicano Orden iniciada 23.08.2011 LF1   xxx R426c 33246-10 25.06.2020 25.06.2020 Libro y Folleto Colección Patrimonio Dominicano    

Con tecnología Koha